006320000a22002650004500082001600000518001100016530000600027100002400033100002300057100002400080100002200104245003900126020001800165260003600183260000900219300000900228041000800237500002600245505001000271650002100281650002200302650001200324650001700336650001300353 a591.5bAd95 a980512 aM aSlater, Peter J. B. aRosenblatt, Jay S. aSnowdon, Charles T. aMilinski, Manfred aAdvances in the study of behaviour a0-12-004522-2 aCaliforniabAcademic Press, USA c1993 aVol. aEng aIncludes bibliography aV. 22 aAnimal behaviour aAnimal physiology aEcology aReproduction aHabitats